000 00389nam a22001457a 4500
008 250710b |||||||| |||| 00| 0 eng d
020 _a9781417403268
050 _aBV625
_b.W25
100 _aWarren Rick
245 _aBetter Together: What on Earth are we here for
260 _aLagos
_bPurpose Driven Publishing
_c2004
300 _aIv, 239p.
650 _aChristian life
942 _cBK
999 _c4260
_d4260